Gandharvi: (Record no. 139337)

MARC details
000 -LEADER
fixed length control field 00561nam a22001937a 4500
005 - DATE AND TIME OF LATEST TRANSACTION
control field 20181207130043.0
010 ## - LCCN (DPL NO)
LC control number ENG-117973
020 ## - INTERNATIONAL STANDARD BOOK NUMBER
International Standard Book Number 9788125064237
Terms of availability 525.00
035 ## - SYSTEM CONTROL NUMBER
System control number EN-101505
037 ## - SOURCE OF ACQUISITION
Source of stock number/acquisition DBAD/PUB
082 ## - DEWEY DECIMAL CLASSIFICATION NUMBER
Classification number N
100 ## - MAIN ENTRY--PERSONAL NAME
Personal name Basu,Bani
245 ## - TITLE STATEMENT
Title Gandharvi:
Statement of responsibility, etc by Bani Basu ; trancleted by Jayita Sengupta
Remainder of title life of a musician /
260 ## - PUBLICATION, DISTRIBUTION, ETC. (IMPRINT)
Place of publication, distribution, etc Telagana
Name of publisher, distributor, etc Orient Blackswan
Date of publication, distribution, etc 2017
270 ## - ADDRESS
Address 3-6-752,Himayatnagar
City Telagana (Hydrabad)
Postal code 500029
300 ## - PHYSICAL DESCRIPTION
Extent xix267p.
Dimensions 22cm(pbk)
700 ## - ADDED ENTRY--PERSONAL NAME
Personal name Sengupta, Jayita
942 ## - ADDED ENTRY ELEMENTS (KOHA)
Source of classification or shelving scheme Dewey Decimal Classification
Item type English Books
Classification part N
Call number suffix BAS
Holdings
Withdrawn status Lost status Not for loan Collection code Home library Current library Date acquired Source of acquisition Cost, normal purchase price Full call number Barcode Copy number Cost, replacement price Koha item type
    Not For Loan Fiction D.B.Act.Division Bawana 27/04/2017 DBAD/PUB 525.00 N BAS EN-101505 1 525.00 English Books

© Delhi Public Library
Hit Counter
free hit counter